banner-ar

كنوك او انتصار الطب (هدية من الاديب عبدالفتاح الجمل) / (Record no. 44174)

MARC details
000 -الفاتح
حقل البيانات ثابتة الطول 00934nam a2200265Ia 4500
008 - عناصر البيانات ثابتة الطول - معلومات عامة
حقل البيانات ثابتة الطول 140319s9999 xx 000 0 ara d
040 ## - مصدر الفهرسة
وكالة الفهرسة الأصلية GCL /
وكالة النسخ GCL
082 04 - رقم تصنيف ديوى العشرى
رقم التصنيف 842
رقم المادة ر ك
100 1# - المدخل الرئيسى - إسم شخصى
الإسم الشخصى محمد مندور
245 10 - بيان العنوان
العنوان كنوك او انتصار الطب (هدية من الاديب عبدالفتاح الجمل) /
بيان المسئوليه,etc محمد مندور
700 1# - المدخل الاضافى - اسم شخصى
الإسم الشخصى رومين، جول
700 1# - المدخل الاضافى - اسم شخصى
الإسم الشخصى يحيى حقى
700 1# - المدخل الاضافى - اسم شخصى
الإسم الشخصى ريمون فرنسيس (مراجع)
300 ## - الوصف المادى
التعداد 180
490 ## - بيان السلسلة
عنوان السلسلة روائع المسرح العالمى
رقم المجلد/ التعيين التسلسلي 0
650 04 - المدخل الاضافى بالموضوع-مصطلح موضوعى
مصطلح موضوعي الادب الفرنسى
650 04 - المدخل الاضافى بالموضوع-مصطلح موضوعى
مصطلح موضوعي الادب الفارسى
650 04 - المدخل الاضافى بالموضوع-مصطلح موضوعى
مصطلح موضوعي الادب العالمى
650 04 - المدخل الاضافى بالموضوع-مصطلح موضوعى
مصطلح موضوعي المسرحيات العالمية
650 04 - المدخل الاضافى بالموضوع-مصطلح موضوعى
مصطلح موضوعي الادب الفرنسى المترجم
650 04 - المدخل الاضافى بالموضوع-مصطلح موضوعى
مصطلح موضوعي الادب الفارسى المترجم
650 04 - المدخل الاضافى بالموضوع-مصطلح موضوعى
مصطلح موضوعي المسرحيات الفرنسية المترجمة
942 ## - عناصر المدخل الإضافي( كوها)
مصدر التصنيف او مخطط الترفيف Dewey Decimal Classification
Koha [default] item type كتاب
Holdings
حالة التراجع حالة الفقد حالة تلف ليس للاعارة المكان المؤقت الموقع الحالى تاريخ الاكتساب اجمالي اﻻعارات رقم الطلب الباركود تاريخ اخر مشاهدة تاريخ تفعيل السعر نوع وعاء كوها
        مكتبة القاهرة الكبرى مكتبة القاهرة الكبرى 03/26/2014   842\ر ك 107292 03/26/2014 03/26/2014 كتاب

Powered By

EGPV